Třináct kytar výbor
| Main Author: | |
|---|---|
| Format: | Book |
| Language: | English |
| PhysicalDescription: | 144 s. |
| Published: |
Praha
Mladá fronta
1967
|
| Edition: | 1. vyd. |
MARC
| LEADER | 00000nam a2200000 a 4500 | ||
|---|---|---|---|
| 001 | vtls008153048 | ||
| 003 | SK-MaSNL | ||
| 005 | 20260301041018.0 | ||
| 008 | 240313 000 0 eng | ||
| 040 | |a SNK |b slo |c SNK |e AACR2 | ||
| 100 | 1 | |a Kainar, Josef |4 aut |9 289100 | |
| 245 | 1 | |a Třináct kytar |b výbor | |
| 250 | |a 1. vyd. | ||
| 260 | |a Praha |b Mladá fronta |c 1967 | ||
| 300 | |a 144 s. | ||
| 999 | |c 587365 |d 589295 | ||
| 952 | |a SNK |b SNK |y VYP |7 0 |p 17A0469245 |o snkIE 3545 |i snkKIP 9797/67 |3 Rekatalogizácia |0 0 |1 0 |4 0 |d 2005-05-11 |l 0 |r 2026-02-23 15:13:37 |w 2026-02-23 | ||


